000 01225nam a22002897a 4500
005 20240530110410.0
008 150214s2010 ua of a 000 0 ara d
017 _a2007/20686
_bمصر . دار الكتب المصرية
020 _a977144140x
040 _aEG-CaGPL
041 1 _aara
_heng
082 0 4 _221
_a903
_bط/ن ن
100 1 _aبول ، جاكلين
245 1 0 _aتاريخ الصين القديم :
_bعلم الاثار يزيح الستار عن اسرار ماضى الصين /
_cتاليف جاكلين بول ، ريتشارد ليفى ؛ ترجمة محمد على النقراشى
250 _aط2
260 _aالقاهرة :
_bنهضة مصر للطباعة و النشر و التوزيع ،
_c2010
300 _a62 ص :
_bصور ؛
_c24 سم
490 0 _aناشونال جيوجرافيك تبحث فى
650 0 4 _aالاجناس ، علم
650 0 4 _aالاثار
_xالتنقيب عن
650 0 4 _aالعمارة القديمة
651 0 4 _aالصين القديمة
_xتاريخ
700 _aريتشارد ليفى
_eمؤلف مشارك
700 _aمحمد على النقراشى
_eمترجم
942 _2ddc
_cBK
999 _c60438
_d60438